| 000 | 01960nam a2200577 i 4500 | ||
|---|---|---|---|
| 001 | 39114 | ||
| 003 | KOSZ 005 | ||
| 005 | 20211217095306.0 | ||
| 008 | 000620s2000 pl a f f |000 0 pol | ||
| 015 | _aUWD 2000/14532 | ||
| 035 | _a991014143869705066 | ||
| 035 | _a(PL-WaBN)b13800991-48omnis_nlop | ||
| 035 | _ab13800991 | ||
| 035 | _a(OCoLC)830276155 | ||
| 035 | _acc2000015860 | ||
| 035 | _ahh_278623 | ||
| 035 | _a(PL)b0000001380099 | ||
| 035 | _a(EXLNZ-48OMNIS_NETWORK)9910166588505606 | ||
| 040 |
_aWA N _cWA N _dKR U _dKOSZ 005/HR |
||
| 041 | 0 | _apol | |
| 080 | _a004.31 | ||
| 080 | _a621.3.049.77 | ||
| 080 | _a(075.8) | ||
| 100 | 1 |
_aGorzałczany, Marian B. _d(1955- ) _eAutor |
|
| 245 | 1 | 0 |
_aUkłady cyfrowe - metody syntezy. _nT. 2, _pUkłady sekwencyjne, układy mikroprogramowane / _cMarian B. Gorzałczany. |
| 250 | _aWyd. 6. | ||
| 260 |
_aKielce : _bWydaw. PŚ, _c2000. |
||
| 300 |
_a370 s. : _bil. ; _c24 cm. |
||
| 336 |
_aTekst _btxt _2rdacontent |
||
| 337 |
_aBez urządzenia pośredniczącego _bn _2rdamedia |
||
| 338 |
_aWolumin _bnc _2rdacarrier |
||
| 380 | _aKsiążki | ||
| 380 | _aPublikacje dydaktyczne | ||
| 385 |
_mPoziom nauczania _aSzlkoły wyższe |
||
| 388 | _a1901-2000 | ||
| 388 | _a1989-2000 | ||
| 490 | 1 |
_aSkrypty / Politechnika Świętokrzyska, _x0239-6386 ; _vnr 352 |
|
| 500 | _aBibliogr. s. 351. | ||
| 504 | _aBibliogr. | ||
| 580 | _aT. 1 poz. 7301/2000. | ||
| 650 | 7 |
_aUkład cyfrowy _2DBN |
|
| 650 | 7 |
_aUkład logiczny _2DBN |
|
| 655 | 7 |
_aPodręczniki akademickie _2DBN |
|
| 658 | _aInformatyka i technologie informacyjne | ||
| 658 | _aInżynieria i technika | ||
| 710 | 2 |
_aWydawnictwo Politechniki Świętokrzyskiej _4pbl |
|
| 830 | 0 |
_aSkrypty - Politechnika Świętokrzyska _v352 |
|
| 856 |
_uhttp://koha.tu.koszalin.pl/cgi-bin/koha/opac-detail.pl?biblionumber=39114 _yKatalog online BPK |
||
| 942 |
_2UKD _cKS |
||
| 999 |
_c39114 _d39114 |
||